000 00383nam a2200157Ia 4500
008 230524s9999 xx 000 0 und d
020 _a8125910379
082 _a612.3812
_bSIV
100 _aS.N.Sivanandam
245 0 _aControl Systems Engineering
260 _aNEW DELHI
_bVikas
_c2003
300 _aXVI;350
500 _aQuantity Number: 2
650 _aElectrical
942 _cBK
999 _c6605
_d6605